Cuento negro para una negra noche /

Збережено в:
Бібліографічні деталі
Автор: Bess, Clayton (autor)
Інші автори: Ahumada (ilustración) (ilustración), Segovia, Rafael (traducción) (traducción)
Формат: Книга
Мова:Іспанська
Опубліковано: México : Fondo de Cultura Económica, 1999, c1996
Редагування:2a edición
Серія:(A la Orilla del Viento... ; 26)
Предмети:
Теги: Додати тег
Немає тегів, Будьте першим, хто поставить тег для цього запису!

MARC

LEADER 00000nam^a2200000^a^4500
001 000315594
005 20250521000000.0
009 20260310113248.811
020 |a 968-16-3792-5 
025 |a Donación sin dato, 1 ejemplar 
037 |a Acervo ITESO - Biblioteca 
041 |a ESP 
082 |a 808. 899282  |b BES 
100 |a Bess, Clayton  |e (autor) 
245 1 0 |a Cuento negro para una negra noche /  |c C. Bess ; il. de Ahumada ; tr. por R. Segovia. 
250 |a 2a edición 
264 4 |a México :  |b Fondo de Cultura Económica,  |c 1999, c1996 
300 |a 82 p. 
336 |a texto  |b txt  |2 rdacontenido 
337 |a sin mediación  |b n  |2 rdamedio 
338 |a volumen  |b nc  |2 rdasoporte 
440 1 |a (A la Orilla del Viento... ;  |v 26) 
500 |a Traducción de: Story for a Black Night 
649 |a XX 
650 |a Cuentos Norteamericanos 
650 |a Literatura Infantil -  |z EUA 
650 |a Literatura Norteamericana -  |y Siglo XX 
650 |a Africa en la Literatura 
700 |a Ahumada  |e (ilustración) 
700 |a Segovia, Rafael  |e (traducción) 
910 |a Fondo General 
920 |a Impresos - Libros 
930 |a Colección General 
940 |a Literatura 
905 |a 101 
901 |a 0500202443  |b IT1  |c LIT  |i D  |u 20250521 
902 |a https://opac.biblio.iteso.mx/vufind/Record/000315594